[Event "Toronto Hart House Holidays op"]
[Site "Toronto"]
[Date "2016.12.18"]
[Round "4"]
[White "Yu, Wenlu"]
[Black "Bluvshtein, Ilia"]
[Result "0-1"]
[WhiteElo "2150"]
[BlackElo "2221"]
[PlyCount "64"]
[EventDate "2016.12.16"]
[EventType "swiss"]
[EventRounds "5"]
[EventCountry "CAN"]
[SourceTitle "EXT 2022"]
[Source "ChessBase"]
[SourceDate "2021.10.06"]
[SourceVersion "1"]
[SourceVersionDate "2021.10.06"]
[SourceQuality "1"]

1. Nf3 Nf6 2. b3 g6 3. Bb2 Bg7 4. g3 0-0 5. Bg2 c5 6. 0-0 Nc6 7. c4 d6 8. Re1 e5 9. d3 Bf5 10. Nc3 Qd7 11. a3 Bh3 12. Bh1 h6 13. e3 Rac8 14. Qc2 Nh5 15. Nd5 f5 16. b4 b6 17. b5 Ne7 18. Nh4 Kh7 19. a4 g5 20. Nf3 Nxd5 21. cxd5 f4 22. Nd2 Rc7 23. d4+ Bf5 24. Be4 fxe3 25. fxe3 Bxe4 26. Nxe4 Kh8 27. Rf1 Rxf1+ 28. Rxf1 exd4 29. exd4 Qg4 30. Nxd6 Bxd4+ 31. Kh1 Nxg3+ 32. hxg3 Qh3+ 0-1

[Event "Aurora Fall op"]
[Site "Aurora"]
[Date "2014.10.05"]
[Round "5"]
[White "Yu, Wenlu"]
[Black "Zhang, Yuanchen"]
[Result "0-1"]
[WhiteElo "1783"]
[BlackElo "2094"]
[PlyCount "84"]
[EventDate "2014.10.04"]
[EventType "swiss"]
[EventRounds "5"]
[EventCountry "CAN"]
[SourceTitle "CBM 162 Extra"]
[Source "ChessBase"]
[SourceDate "2014.10.17"]
[SourceVersion "1"]
[SourceVersionDate "2014.10.17"]
[SourceQuality "1"]

1. Nf3 Nf6 2. g3 d5 3. Bg2 e6 4. 0-0 Be7 5. d3 0-0 6. b3 c5 7. Nbd2 Nc6 8. Bb2 Qc7 9. c4 d4 10. e3 e5 11. Qe2 h6 12. Rad1 Be6 13. e4 Nd7 14. Bc1 Rae8 15. Ne1 Bd6 16. Nef3 Ne7 17. Nh4 g5 18. Ndf3 f6 19. Nf5 Nxf5 20. exf5 Bxf5 21. Nd2 Bg6 22. Ne4 b6 23. h4 Kg7 24. hxg5 fxg5 25. Bxg5 hxg5 26. Nxg5 Qd8 27. Qg4 Rf5 28. Ne4 Nf6 29. Nxf6 Rxf6 30. f4 Qc8 31. Qh4 Rh8 32. Qg5 Rh5 33. Qxf6+ Kxf6 34. fxe5+ Kg7 35. exd6 Qd7 36. Rf4 Qxd6 37. Bd5 Qe5 38. Rdf1 Qe2 39. R1f2 Qe1+ 40. Rf1 Qxg3+ 41. Bg2 Qe3+ 42. R1f2 Rf5 0-1

[Event "Aurora Spring op"]
[Site "Aurora"]
[Date "2014.03.08"]
[Round "2.7"]
[White "Yu, Wenlu"]
[Black "Noritsyn, Sergey"]
[Result "0-1"]
[WhiteElo "1836"]
[BlackElo "1840"]
[PlyCount "72"]
[EventDate "2014.03.08"]
[EventType "swiss"]
[EventRounds "5"]
[EventCountry "CAN"]
[SourceTitle "EXT 2022"]
[Source "ChessBase"]
[SourceDate "2021.10.06"]
[SourceVersion "1"]
[SourceVersionDate "2021.10.06"]
[SourceQuality "1"]

1. e4 c5 2. Nf3 d6 3. d4 cxd4 4. Nxd4 Nf6 5. Nc3 a6 6. f3 e6 7. Be3 b5 8. a3 Bb7 9. Qd2 Nbd7 10. g4 Nb6 11. g5 Nfd7 12. 0-0-0 Ne5 13. f4 Nec4 14. Bxc4 Nxc4 15. Qf2 Rc8 16. Rhf1 Be7 17. h4 Nxa3 18. f5 e5 19. f6 gxf6 20. gxf6 Bf8 21. Nf5 Nc4 22. Kb1 Qa5 23. Bc5 Rd8 24. Ng7+ Kd7 25. b3 Qxc3 26. bxc4 Bxe4 27. Bxd6 Bxd6 28. Rxd6+ Kxd6 29. Qb6+ Kd7 30. Qa7+ Kc8 31. Qxa6+ Bb7 32. Qxb5 Rd7 33. Nf5 Rhd8 34. Ne7+ Kc7 35. c5 Rd1+ 36. Ka2 Ra8+ 0-1

[Event "Aurora Spring op"]
[Site "Aurora"]
[Date "2014.03.08"]
[Round "1.5"]
[White "Zhang, Yuanchen"]
[Black "Yu, Wenlu"]
[Result "1-0"]
[WhiteElo "2118"]
[BlackElo "1836"]
[PlyCount "69"]
[EventDate "2014.03.08"]
[EventType "swiss"]
[EventRounds "5"]
[EventCountry "CAN"]
[SourceTitle "EXT 2022"]
[Source "ChessBase"]
[SourceDate "2021.10.06"]
[SourceVersion "1"]
[SourceVersionDate "2021.10.06"]
[SourceQuality "1"]

1. d4 Nf6 2. c4 g6 3. Nc3 d5 4. Nf3 Bg7 5. Qb3 dxc4 6. Qxc4 0-0 7. e4 c6 8. Be2 b5 9. Qb3 a5 10. Qc2 Bb7 11. 0-0 Nbd7 12. e5 Ne8 13. Ng5 Nc7 14. Bf3 Rc8 15. Be3 Ba8 16. e6 Nxe6 17. Nxe6 fxe6 18. Bg4 e5 19. dxe5 Nxe5 20. Bxc8 Qxc8 21. Bc5 Qg4 22. Ne2 Nf3+ 23. Kh1 Be5 24. gxf3 Qxf3+ 25. Kg1 Qg4+ 26. Ng3 Rf3 27. Qd2 h5 28. Qd8+ Kh7 29. Qxe7+ Bg7 30. Rad1 Rf8 31. Rd7 Rg8 32. Bd4 c5 33. Bxg7 Qf3 34. Bf8+ Kh8 35. Qh7# 1-0

[Event "Wch U14"]
[Site "Al Ain"]
[Date "2013.12.21"]
[Round "4"]
[White "Yu, Wenlu"]
[Black "Liu, Xiangyi"]
[Result "0-1"]
[WhiteElo "1862"]
[BlackElo "2136"]
[PlyCount "90"]
[EventDate "2013.12.18"]
[EventType "swiss"]
[EventRounds "11"]
[EventCountry "UAE"]
[SourceTitle "CBM 158 Extra"]
[Source "ChessBase"]
[SourceDate "2014.02.28"]
[SourceVersion "1"]
[SourceVersionDate "2014.02.28"]
[SourceQuality "1"]

1. e4 e6 2. d4 d5 3. Nc3 Bb4 4. exd5 exd5 5. Bd3 Ne7 6. Qh5 Be6 7. Nf3 Nbc6 8. a3 Bd6 9. h3 Ng6 10. Ne2 Qd7 11. Ng5 Nce7 12. g4 0-0-0 13. Bd2 Ng8 14. Nxe6 fxe6 15. g5 N8e7 16. 0-0-0 Rdf8 17. Rhf1 Nf5 18. Qg4 Rf7 19. Ng3 Nfh4 20. f4 Rhf8 21. Ne2 c6 22. c3 e5 23. dxe5 Bxe5 24. Qg3 Bd6 25. Bxg6 Nxg6 26. h4 Ne7 27. Nd4 c5 28. Ne2 Qa4 29. Qh3+ Nf5 30. Ng3 Kc7 31. Nxf5 Rxf5 32. Rde1 R8f7 33. Qe3 Qc4 34. Qe6 Qd3 35. Rf2 Re7 36. Qxe7+ Bxe7 37. Rxe7+ Kc6 38. Rfe2 d4 39. R2e6+ Kd5 40. Re1 b5 41. cxd4 cxd4 42. Rxg7 Kc4 43. Rxa7 Rc5 44. Rd7 Kb3+ 45. Bc3 Qc2# 0-1

[Event "Toronto NAYCC U14"]
[Site "Toronto"]
[Date "2013.08.17"]
[Round "6"]
[White "Saha, Ananda"]
[Black "Yu, Wenlu"]
[Result "0-1"]
[WhiteElo "1806"]
[BlackElo "2002"]
[PlyCount "105"]
[EventDate "2013.08.14"]
[EventType "swiss"]
[EventRounds "9"]
[EventCountry "CAN"]
[SourceTitle "EXT 2022"]
[Source "ChessBase"]
[SourceDate "2021.10.06"]
[SourceVersion "1"]
[SourceVersionDate "2021.10.06"]
[SourceQuality "1"]

1. d4 Nf6 2. c4 g6 3. Nc3 d5 4. cxd5 Nxd5 5. e4 Nxc3 6. bxc3 Bg7 7. Nf3 c5 8. Rb1 0-0 9. Be2 cxd4 10. cxd4 Qa5+ 11. Qd2 Qxd2+ 12. Bxd2 b6 13. d5 Rd8 14. 0-0 Nd7 15. Bb4 Re8 16. Rfc1 a6 17. Rc7 Kf8 18. Rbc1 Bb2 19. R1c2 Bf6 20. R2c6 b5 21. Bc3 Bxc3 22. Rxc3 Nf6 23. Nd2 Bd7 24. f4 Rec8 25. Bf3 Ne8 26. Rxc8 Rxc8 27. Rxc8 Bxc8 28. e5 Ng7 29. Kf2 Ke8 30. g4 h5 31. h3 Kd8 32. Ke3 Kc7 33. Kd4 hxg4 34. hxg4 Ne8 35. Kc5 f5 36. gxf5 Bxf5 37. Ne4 Ng7 38. Ng5 Nh5 39. Bxh5 gxh5 40. Nf3 Bd3 41. Nh4 a5 42. a3 b4 43. axb4 a4 44. d6+ exd6+ 45. exd6+ Kd7 46. Nf3 a3 47. Ne5+ Kd8 48. Nf7+ Ke8 49. d7+ Kxd7 50. Ne5+ Kc7 51. Nxd3 a2 52. f5 a1Q 53. Nf4 0-1

[Event "Toronto NAYCC U14"]
[Site "Toronto"]
[Date "2013.08.17"]
[Round "7"]
[White "Wang, Eric1111"]
[Black "Yu, Wenlu"]
[Result "1-0"]
[WhiteElo "1870"]
[BlackElo "2002"]
[PlyCount "95"]
[EventDate "2013.08.14"]
[EventType "swiss"]
[EventRounds "9"]
[EventCountry "CAN"]
[SourceTitle "EXT 2022"]
[Source "ChessBase"]
[SourceDate "2021.10.06"]
[SourceVersion "1"]
[SourceVersionDate "2021.10.06"]
[SourceQuality "1"]

1. d4 Nf6 2. c4 g6 3. Nf3 Bg7 4. g3 d5 5. cxd5 Nxd5 6. Bg2 0-0 7. 0-0 Nb6 8. Nc3 c6 9. e3 Na6 10. Qe2 Be6 11. Nd2 Rc8 12. Rd1 Qc7 13. a3 Qb8 14. Rb1 Nc7 15. b4 Nbd5 16. Bb2 Rfd8 17. Rbc1 Nxc3 18. Bxc3 Bd5 19. Bb2 Bxg2 20. Kxg2 e6 21. Nc4 Ne8 22. Qf3 Nd6 23. Ne5 f6 24. Nd3 f5 25. Nc5 Re8 26. h4 Qc7 27. a4 Qf7 28. Qe2 a6 29. Qf3 Rc7 30. Rd2 h6 31. Rcd1 Rce7 32. Rc2 Rc7 33. Ba1 Bf8 34. Qf4 Rcc8 35. Qe5 Rcd8 36. d5 Qh7 37. dxe6 Nc8 38. Rcd2 Rxd2 39. Rxd2 Nb6 40. Nd7 Nxd7 41. Rxd7 Re7 42. Qc7 b5 43. Bf6 bxa4 44. Bxe7 a3 45. Bxf8 a2 46. Rg7+ Kh8 47. Rxh7+ Kg8 48. Qg7# 1-0

[Event "CAN-ch U14"]
[Site "Ottawa"]
[Date "2013.07.12"]
[Round "5"]
[White "Yu, Wenlu"]
[Black "Ye, Hanyuan"]
[Result "1-0"]
[WhiteElo "2032"]
[BlackElo "1750"]
[PlyCount "69"]
[EventDate "2013.07.10"]
[EventType "swiss"]
[EventRounds "6"]
[EventCountry "CAN"]
[SourceTitle "EXT 2022"]
[Source "ChessBase"]
[SourceDate "2021.10.06"]
[SourceVersion "1"]
[SourceVersionDate "2021.10.06"]
[SourceQuality "1"]

1. e4 e6 2. d4 d5 3. Nc3 Nf6 4. exd5 Nxd5 5. Nf3 Be7 6. Bd3 c5 7. Ne2 Nc6 8. c3 cxd4 9. Nfxd4 Bd7 10. 0-0 0-0 11. Qc2 h6 12. a3 a6 13. Nxc6 Bxc6 14. Nd4 Qc7 15. Nxc6 Qxc6 16. c4 Rac8 17. Qe2 Nb6 18. b3 Bf6 19. Rb1 Nd7 20. Be4 Qc7 21. Be3 b6 22. Rfd1 Nc5 23. Bc2 Qc6 24. Qg4 Kh8 25. Qh3 Ne4 26. Bxe4 Qxe4 27. Bxb6 Be7 28. Qc3 Bxa3 29. b4 Rxc4 30. Qxa3 Rb8 31. Ba5 Rbc8 32. Qd3 Qf4 33. Qe3 Qf5 34. Rbc1 Qd5 35. Re1 1-0

[Event "CAN-ch U14"]
[Site "Ottawa"]
[Date "2013.07.10"]
[Round "2"]
[White "Zhang, Jeff"]
[Black "Yu, Wenlu"]
[Result "0-1"]
[WhiteElo "1500"]
[BlackElo "2032"]
[PlyCount "98"]
[EventDate "2013.07.10"]
[EventType "swiss"]
[EventRounds "6"]
[EventCountry "CAN"]
[SourceTitle "EXT 2022"]
[Source "ChessBase"]
[SourceDate "2021.10.06"]
[SourceVersion "1"]
[SourceVersionDate "2021.10.06"]
[SourceQuality "1"]

1. e4 c5 2. Nf3 d6 3. d4 cxd4 4. Nxd4 Nf6 5. Nc3 a6 6. Bg5 Nbd7 7. f4 e6 8. Qf3 Be7 9. 0-0-0 Qc7 10. g4 b5 11. Bxf6 Nxf6 12. g5 Nd7 13. f5 Bxg5+ 14. Kb1 Nf6 15. fxe6 fxe6 16. Bh3 e5 17. Nf5 Bxf5 18. Bxf5 0-0 19. Qe2 Kh8 20. Nd5 Nxd5 21. Rxd5 g6 22. Bh3 Rf4 23. Rf1 Raf8 24. Rdd1 Qc5 25. Rxf4 Rxf4 26. Rf1 Qd4 27. Rxf4 Bxf4 28. c3 Qg1+ 29. Kc2 Bxh2 30. Qf3 Bf4 31. Qd3 Qf2+ 32. Kb3 Qc5 33. Be6 a5 34. a4 bxa4+ 35. Kxa4 Kg7 36. b4 axb4 37. cxb4 Qb6 38. b5 Kf6 39. Bd5 h5 40. Qc4 Be3 41. Qf1+ Bf2 42. Qh3 Qa7+ 43. Kb4 Bc5+ 44. Kc4 Qa4+ 45. Kc3 Qa3+ 46. Bb3 Qb4+ 47. Kb2 Qd4+ 48. Kc1 Ba3+ 49. Kc2 Qxe4+ 0-1